00451nam a2200181Ia 4500003000400000005001700004008004100021020001800062040000700080041000800087082001700095100003900112245003100151250000600182260004700188300002100235365001300256OSt20230415094331.0210423s1998 xx 000 0 und d a9788177585841 cAL aeng a658 LEVR223 aLEVIN (Richard I);RUBIN (David S). aStatistics for management. a7 aNew DelhibPearson Education Pvt Ltdc1998 axvi,1026,I-8bPB b599cINR